00000000nam 2200000zi 4500
0019.936462
003CaOODSP
00520250129084348
006m     o  d f      
007cr |||||||||||
008240408t20252025bccdb   ob   f000 0 eng d
020 |a9780660712383
040 |aCaOODSP|beng|erda|cCaOODSP
041 |aeng|bfre
043 |an-cn-bc
0861 |aFs97-4/3282E-PDF
1001 |aBailey, Colin J., |eauthor.
24510|aOsoyoos Lake Sockeye Salmon (Oncorhynchus nerka) return abundance (1977-2023), adult age composition (1985-2023), and marine survival (1998-2021) / |cColin J. Bailey, Howard W. Stiff, Patrick L. Thompson, Braden Judson, and Athena D. Ogden.
264 1|aNanaimo, British Columbia : |bFisheries and Oceans Canada, Science Branch, Pacific Biological Station, |c2025.
264 4|c©2025
300 |a1 online resource (vi, 49 pages) : |bcharts, maps.
336 |atext|btxt|2rdacontent
337 |acomputer|bc|2rdamedia
338 |aonline resource|bcr|2rdacarrier
4901 |aCanadian manuscript report of fisheries and aquatic sciences, |x1488-5387 ;|v3282
500 |aIncorrect ISBN (978-0-660-71239-0) printed in this edition.
504 |aIncludes bibliographical references.
520 |a"This report presents historical Osoyoos Sockeye Salmon return abundance at the mouth of the Columbia River from 1977-2023, age composition data since 1985, and presmolt to adult return survival rates for ocean entry years 1998-2021 based on available juvenile abundance data. Datasets were acquired from a variety of sources, including annual abundance estimates of adult Sockeye salmon via the Columbia Basin Research Data Access in Real Time (CBR-DART) data portal, harvest data from the Washington Department of Fisheries and Wildlife (WDFW), stock-specific age composition from the Columbia River Intertribal Fish Commission (CRITFC), spawning ground survey data by the Okanagan Nation Alliance (ONA) and presmolt abundance estimates from acoustic and trawl surveys in Osoyoos Lake (ONA and DFO)"--Abstract, page vi.
546 |aIncludes abstract in French.
650 0|aSockeye salmon|zBritish Columbia|zOsoyoos Lake (B.C. and Wash.)
650 0|aFish populations|zBritish Columbia|zOsoyoos Lake (B.C. and Wash.)
650 6|aSaumon rouge|zColombie-Britannique|zOsoyoos, Lac (C.-B. et Wash.)
650 6|aPoissons|xPopulations|zColombie-Britannique|zOsoyoos, Lac (C.-B. et Wash.)
7101 |aCanada. |bDepartment of Fisheries and Oceans, |eissuing body.
7760#|tOsoyoos Lake sockeye salmon (Oncorhynchus nerka) return abundance, adult age composition, and marine survival (1985-2023).|w(CaOODSP)9.936463
830#0|aCanadian manuscript report of fisheries and aquatic sciences,|x1488-5387 ;|v3282.|w(CaOODSP)9.505211
85640|qPDF|s5.11 MB|uhttps://publications.gc.ca/collections/collection_2025/mpo-dfo/Fs97-4-3282-eng.pdf
8564 |qHTML|sN/A|uhttps://doi.org/10.60825/v3g8-jw96